[Event "HUN Team League Csongrad Region 2018-19 "]
[Site "Csongrád County"]
[Date "2019.04.07"]
[Round "9.4"]
[White "Torok, Csaba"]
[Black "Heintz, Sebestyen"]
[Result "1-0"]
[WhiteElo "1553"]
[BlackElo "1667"]
[PlyCount "27"]
[EventDate "2018.09.30"]
[WhiteTeam "Vásárhelyi Pákozdy FSSE"]
[BlackTeam "Üllési ISE"]

1. e4 c5 2. Nf3 Nc6 3. d4 e6 4. d5 exd5 5. exd5 Qe7+ 6. Be2 Ne5 7. O-O Nxf3+ 8.
Bxf3 Qd6 9. Re1+ Be7 10. Nc3 Kd8 11. Ne4 Qg6 12. d6 Bf6 13. Bh5 Qf5 14. Ng3 1-0

[Event "HUN Team League Csongrad Region 2018-19 "]
[Site "Csongrád County"]
[Date "2019.04.07"]
[Round "9.4"]
[White "Gabor, Geza"]
[Black "Csikos, Adam"]
[Result "1-0"]
[WhiteElo "1564"]
[BlackElo "1320"]
[PlyCount "81"]
[EventDate "2018.09.30"]
[WhiteTeam "Üllési ISE"]
[BlackTeam "Vásárhelyi Pákozdy FSSE"]

1. e4 c5 2. d4 cxd4 3. Nf3 Nc6 4. Bc4 e6 5. c3 d5 6. exd5 exd5 7. Qe2+ Be7 8.
Bb5 dxc3 9. Nxc3 a6 10. Bxc6+ bxc6 11. O-O d4 12. Rd1 c5 13. Bg5 Be6 14. Ne4 h6
15. Bxe7 Qxe7 16. Qc2 Rc8 17. Qa4+ Bd7 18. Qxa6 Rc6 19. Qa8+ Rc8 20. Qb7 Nf6
21. Nxf6+ gxf6 22. Re1 Be6 23. Rxe6 Qxe6 24. Re1 Qxe1+ 25. Nxe1 O-O 26. b3 Ra8
27. a4 c4 28. bxc4 Rxa4 29. Qb2 Re8 30. Nf3 Rxc4 31. h3 Rd8 32. Qb6 Rd5 33.
Qxf6 d3 34. Qxh6 Rc2 35. Ng5 Rc7 36. Ne4 Rf5 37. Nf6+ Rxf6 38. Qxf6 Rd7 39.
Qg5+ Kh8 40. Qh4+ Kg8 41. Qg4+ 1-0

[Event "HUN Team League Csongrad Region 2018-19 "]
[Site "Csongrád County"]
[Date "2019.04.07"]
[Round "9.4"]
[White "Kovacs, Andrea"]
[Black "Hodi, Adam"]
[Result "0-1"]
[WhiteElo "1168"]
[BlackElo "1210"]
[PlyCount "38"]
[EventDate "2018.09.30"]
[WhiteTeam "Vásárhelyi Pákozdy FSSE"]
[BlackTeam "Üllési ISE"]

1. e4 g6 2. d4 Bg7 3. Nf3 e6 4. Bg5 Ne7 5. Bc4 Nbc6 6. c3 f5 7. exf5 exf5 8.
O-O d5 9. Bb5 Bd7 10. Re1 Bf8 11. Re2 h6 12. Qe1 hxg5 13. Nxg5 a6 14. Bxc6 Bxc6
15. Ne6 Qd7 16. Nc5 Qd6 17. Re6 Qxh2+ 18. Kf1 Bb5+ 19. Qe2 Qh1# 0-1

[Event "HUN Team League Csongrad Region 2018-19 "]
[Site "Csongrád County"]
[Date "2019.04.07"]
[Round "9.5"]
[White "Papp, Bence"]
[Black "Balassy, Gabor"]
[Result "1-0"]
[WhiteElo "2031"]
[BlackElo "1840"]
[PlyCount "125"]
[EventDate "2018.09.30"]
[WhiteTeam "Meritum SE II."]
[BlackTeam "Makói SVSE III."]

1. e4 c6 2. d4 d5 3. e5 Bf5 4. Nc3 e6 5. g4 Bg6 6. Nge2 h6 7. Nf4 Bh7 8. Be3
Ne7 9. Bd3 Bxd3 10. Qxd3 Qb6 11. O-O-O Qa6 12. Rdf1 Qxd3 13. Nxd3 Nd7 14. f4 g6
15. Ne2 h5 16. h3 Bg7 17. Ng3 hxg4 18. hxg4 O-O-O 19. Rxh8 Rxh8 20. f5 gxf5 21.
gxf5 Bh6 22. Bxh6 Rxh6 23. fxe6 fxe6 24. Nf4 Kd8 25. Kd2 c5 26. c3 cxd4 27.
cxd4 Kc8 28. Ngh5 Nf5 29. Kd3 Kb8 30. Rg1 Kc8 31. Rg5 Kc7 32. Nxe6+ Rxe6 33.
Rxf5 Kc6 34. Ke3 Rg6 35. Nf6 Nb6 36. b3 Rg2 37. Rf2 Rg1 38. Rc2+ Kb5 39. Rc5+
Ka6 40. Ne8 Na8 41. Rxd5 b5 42. Rd6+ Ka5 43. e6 Nb6 44. Kf2 Rg5 45. e7 Rf5+ 46.
Ke3 Rf7 47. Re6 Rxe7 48. Rxe7 Nd5+ 49. Ke4 Nxe7 50. Nc7 Nc8 51. Kd5 Kb4 52.
Na6+ Ka5 53. Nc5 Kb4 54. Kc6 Ne7+ 55. Kd6 Nf5+ 56. Ke5 Ne7 57. Nb7 a5 58. d5
Nxd5 59. Kxd5 a4 60. Nc5 Ka3 61. Nxa4 Kxa2 62. Nc5 Ka3 63. Kc6 1-0

[Event "HUN Team League Csongrad Region 2018-19 "]
[Site "Csongrád County"]
[Date "2019.04.07"]
[Round "9.5"]
[White "Csibor, Andras"]
[Black "Palotai, Bendeguz"]
[Result "0-1"]
[WhiteElo "1791"]
[BlackElo "1984"]
[PlyCount "80"]
[EventDate "2018.09.30"]
[WhiteTeam "Makói SVSE III."]
[BlackTeam "Meritum SE II."]

1. d4 d5 2. c4 e6 3. Nc3 c6 4. e4 dxe4 5. Nxe4 Bb4+ 6. Bd2 Qxd4 7. Bxb4 Qxe4+
8. Qe2 Qxe2+ 9. Bxe2 e5 10. Nf3 f6 11. O-O-O Na6 12. Ba3 Bg4 13. h3 Bxf3 14.
Bxf3 Nh6 15. g4 Rd8 16. b4 Kf7 17. b5 Nb8 18. Bd6 cxb5 19. Bxb8 Rxd1+ 20. Rxd1
Rxb8 21. cxb5 Ke7 22. Kb2 b6 23. Kb3 Rd8 24. Rxd8 Kxd8 25. Kc4 Kd7 26. Kd5 Ng8
27. Be4 Ne7+ 28. Kc4 g6 29. h4 h6 30. a4 f5 31. gxf5 gxf5 32. Bf3 Kd6 33. h5 e4
34. Be2 Ke5 35. f3 e3 36. Kd3 f4 37. Bf1 Nd5 38. Bh3 Nf6 39. Bg4 Nxg4 40. fxg4
Kf6 0-1

[Event "HUN Team League Csongrad Region 2018-19 "]
[Site "Csongrád County"]
[Date "2019.04.07"]
[Round "9.5"]
[White "Farkas, Sandor"]
[Black "Jakso, Abel"]
[Result "1-0"]
[WhiteElo "1905"]
[BlackElo "1535"]
[PlyCount "79"]
[EventDate "2018.09.30"]
[WhiteTeam "Meritum SE II."]
[BlackTeam "Makói SVSE III."]

1. e4 g6 2. g3 c5 3. d3 Bg7 4. Bg2 Nc6 5. Nf3 d6 6. O-O Nf6 7. Re1 O-O 8. c3 e5
9. a4 Ne8 10. Nbd2 f5 11. Qb3+ Kh8 12. Nh4 f4 13. Nf1 Qf6 14. Qc2 Be6 15. Nf3
g5 16. h3 h5 17. N1h2 g4 18. hxg4 hxg4 19. Nh4 Ne7 20. Nf5 Bxf5 21. exf5 f3 22.
Nxf3 gxf3 23. Bxf3 Nxf5 24. Be4 Nc7 25. Qe2 Ne6 26. Kg2 Rae8 27. Rh1+ Kg8 28.
Rh5 Nh6 29. Be3 Nf4+ 30. gxf4 exf4 31. Bd2 f3+ 32. Qxf3 Qxf3+ 33. Bxf3 Nf7 34.
Bd5 Re5 35. Rah1 Rxh5 36. Rxh5 Re8 37. Rf5 Re7 38. Bg5 Rd7 39. Be6 Rc7 40. Bd8
1-0

[Event "HUN Team League Csongrad Region 2018-19 "]
[Site "Csongrád County"]
[Date "2019.04.07"]
[Round "9.5"]
[White "Kiss, Rebeka"]
[Black "Erdei, Imre"]
[Result "1-0"]
[WhiteElo "1692"]
[BlackElo "1654"]
[PlyCount "119"]
[EventDate "2018.09.30"]
[WhiteTeam "Meritum SE II."]
[BlackTeam "Makói SVSE III."]

1. e4 c5 2. Nf3 g6 3. d4 Bg7 4. Nc3 cxd4 5. Nxd4 Nc6 6. Be3 a6 7. Qd2 d6 8. f3
Nf6 9. Be2 Bd7 10. O-O-O b5 11. g4 Ne5 12. h4 Nc4 13. Bxc4 bxc4 14. h5 Qa5 15.
h6 Bf8 16. g5 Nh5 17. a3 Rb8 18. Nd5 Qd8 19. Qc3 e5 20. Ne2 Be7 21. Nxe7 Qxe7
22. Rdg1 Rf8 23. f4 f5 24. exf5 Bxf5 25. fxe5 d5 26. Qd4 Qb7 27. Bd2 Be4 28.
Rh2 Rf3 29. Bb4 Qb6 30. Qc5 Qxc5 31. Bxc5 Kf7 32. Rf2 Rxf2 33. Bxf2 Ke6 34.
Nd4+ Kd7 35. Be3 Rf8 36. Ne2 Rf3 37. Kd2 Rf5 38. Bd4 Rf3 39. Nc3 Nf4 40. Nxe4
dxe4 41. Re1 Ne6 42. Rxe4 Nxg5 43. Rg4 Ne6 44. Be3 Rf5 45. Re4 Kc6 46. Rxc4+
Kd5 47. Ra4 Kxe5 48. Rxa6 g5 49. Ra5+ Kf6 50. Rxf5+ Kxf5 51. b4 g4 52. b5 Nc7
53. a4 Ke4 54. c4 g3 55. Ke2 Ne6 56. b6 g2 57. Bg1 Nd8 58. a5 Nb7 59. a6 Na5
60. a7 1-0

[Event "HUN Team League Csongrad Region 2018-19 "]
[Site "Csongrád County"]
[Date "2019.04.07"]
[Round "9.5"]
[White "Szekeres, Mihaly"]
[Black "Tapodi, Martin"]
[Result "1-0"]
[WhiteElo "1636"]
[BlackElo "1663"]
[PlyCount "47"]
[EventDate "2018.09.30"]
[WhiteTeam "Makói SVSE III."]
[BlackTeam "Meritum SE II."]

1. d4 Nf6 2. e3 d5 3. h3 e6 4. Nf3 c5 5. b3 Nc6 6. Bb2 cxd4 7. exd4 Be7 8. a3
O-O 9. Bd3 Qc7 10. O-O a6 11. c4 dxc4 12. bxc4 Rd8 13. Nbd2 b6 14. Rc1 Bb7 15.
Re1 Rd7 16. Qc2 Rc8 17. d5 exd5 18. Bxf6 Bxf6 19. Bxh7+ Kf8 20. Bf5 dxc4 21.
Nxc4 b5 22. Bxd7 Qxd7 23. Nb6 Qc7 24. Nxc8 1-0